000 00677nam a22002177a 4500
999 _c4256
_d4256
003 AR-CdUCM
008 190308b ||||| |||| 00| 0 spa d
040 _aMUNICIPALIDAD PROVINCIAL DEL CUSCO
_cBIBLIOTECA MUNICIPAL DEL CUSCO
082 _a784.51 /
_bC17
100 _aCalle C., Sigifredo Francisco
_913456
245 _aVoces y canciones vernáculas de Puquio /
260 _aIca :
_bTalls. Grafs. Luis Fernando,
_c1990.
300 _a82 páginas ;
_c20 cm.
500 _aTexto en quechua y español.
650 _aCancionero
_96729
650 _aCanciones en quechua
_913457
650 _aFolclore
_93233
650 _aArte
_9561
942 _2ddc
_cLIBROS
945 _admma